[Event "Turkey Cup 2020"]
[Site "Antalya-Belek"]
[Date "2020.01.27"]
[Round "3.8"]
[White "Buke, Furkan"]
[Black "Sevgi, Volkan"]
[Result "0-1"]
[WhiteElo "2041"]
[BlackElo "2345"]
[Annotator "NA"]
[PlyCount "102"]
[EventDate "2020.01.26"]
[EventType "swiss"]
[EventCountry "TUR"]
[SourceTitle "playchess.com"]
[Source "ChessBase"]
[SourceQuality "1"]

1. e4 c6 2. d4 d5 3. e5 Bf5 4. Nf3 e6 5. Be2 Bb4+ 6. c3 Ba5 7. Qb3 Bb6 8. a4 a5 9. Bg5 f6 10. exf6 gxf6 11. Bh4 Nd7 12. Ne5 Nf8 13. Nd2 Ra7 14. O-O Bc7 15. Nd3 Ng6 16. Bg3 N8e7 17. c4 O-O 18. Bxc7 Qxc7 19. cxd5 Nxd5 20. Rfe1 Kh8 21. Bf1 Qg7 22. Nc5 e5 23. dxe5 fxe5 24. Nce4 Ngf4 25. Ng3 Be6 26. Qa3 Nb4 27. Qe3 Raa8 28. Qxe5 Nc2 29. Qxg7+ Kxg7 30. Rxe6 Nxe6 31. Rc1 Ncd4 32. Nde4 Rad8 33. Bc4 Nf4 34. h4 Nf5 35. Nxf5+ Rxf5 36. g3 Nh3+ 37. Kg2 Nxf2 38. Nxf2 Rd2 39. Rf1 Rxb2 40. g4 Rf4 41. Be6 Rxa4 42. Kg3 Re2 43. Bc8 Re3+ 44. Kg2 b5 45. Rd1 Ra2 46. Rd7+ Kf8 47. Rd8+ Re8 48. Rxe8+ Kxe8 49. Bf5 a4 50. Bxh7 Kf8 51. h5 a3 0-1

[Event "Turkey Cup 2020"]
[Site "Antalya-Belek"]
[Date "2020.01.27"]
[Round "3.9"]
[White "Ozer, Omer Faruk"]
[Black "Kilic, Eray"]
[Result "1/2-1/2"]
[WhiteElo "2338"]
[BlackElo "2069"]
[Annotator "TA"]
[PlyCount "68"]
[EventDate "2020.01.26"]
[EventType "swiss"]
[EventCountry "TUR"]
[SourceTitle "playchess.com"]
[Source "ChessBase"]
[SourceQuality "1"]

1. Nf3 Nf6 2. g3 g6 3. b3 Bg7 4. Bb2 c5 5. Bg2 d5 6. O-O Nc6 7. Ne5 O-O 8. Nxc6 bxc6 9. c4 Bf5 10. d3 Qd7 11. Nc3 Bh3 12. Na4 Bxg2 13. Kxg2 Qd6 14. Rc1 d4 15. Qd2 e5 16. Ba3 Rfe8 17. Bxc5 Qe6 18. f3 h5 19. Bb4 Nd7 20. e4 dxe3 21. Qxe3 f5 22. Rce1 Rad8 23. Ba5 Rc8 24. Nc5 Nxc5 25. Qxc5 Qd7 26. Rd1 Re6 27. Bc3 Rce8 28. Rfe1 Qf7 29. Bd2 e4 30. dxe4 fxe4 31. f4 e3 32. Ba5 Re5 33. fxe5 Qf2+ 34. Kh1 Qf3+ 1/2-1/2

[Event "Turkey Cup 2020"]
[Site "Antalya-Belek"]
[Date "2020.01.27"]
[Round "3.10"]
[White "Demircin, Kasim"]
[Black "Isik, Alparslan"]
[Result "0-1"]
[WhiteElo "1915"]
[BlackElo "2328"]
[Annotator "TA"]
[PlyCount "126"]
[EventDate "2020.01.26"]
[EventType "swiss"]
[EventCountry "TUR"]
[SourceTitle "playchess.com"]
[Source "ChessBase"]
[SourceQuality "1"]

1. d4 Nf6 2. Nf3 g6 3. c4 Bg7 4. Nc3 d5 5. Qb3 dxc4 6. Qxc4 O-O 7. e4 Nc6 8. Bf4 Nh5 9. Be3 Bg4 10. Rd1 Bxf3 11. gxf3 e6 12. Be2 Qh4 13. e5 Nf4 14. Bf1 Rfd8 15. Rg1 Qxh2 16. Rg3 Bh6 17. Ne4 Nd5 18. Bc1 Bxc1 19. Qxc1 Kg7 20. Nf6 Qh6 21. Rh3 Qxc1 22. Rxh7+ Kf8 23. Rxc1 Ke7 24. Bb5 Nxf6 25. exf6+ Kxf6 26. Bxc6 bxc6 27. Rxc6 Rac8 28. Rh4 Rd6 29. Rc4 c6 30. Ra4 g5 31. Re4 Rc7 32. Ke2 Rd5 33. Ke3 a5 34. f4 c5 35. fxg5+ Rxg5 36. Rf4+ Ke7 37. d5 Re5+ 38. Rfe4 Rxd5 39. Rxa5 Rcd7 40. Ra3 Rd2 41. Rb3 Rc2 42. f3 f5 43. Rh4 Rdd2 44. Rh7+ Kf6 45. Rb6 Rxb2 46. Rh6+ Kg5 47. Rhxe6 Re2+ 48. Kd3 Rbd2+ 49. Kc4 Rxe6 50. Rxe6 Rxa2 51. Re3 Kf4 52. Re1 Kxf3 53. Kxc5 f4 54. Kd4 Re2 55. Rf1+ Kg3 56. Kd3 Re6 57. Rg1+ Kf2 58. Rg8 f3 59. Rf8 Kg2 60. Rg8+ Kf1 61. Rf8 f2 62. Ra8 Rg6 63. Rf8 Kg1 0-1

[Event "Turkey Cup 2020"]
[Site "Antalya-Belek"]
[Date "2020.01.27"]
[Round "3.11"]
[White "Gokbulut, Julia"]
[Black "Yaran, Siar"]
[Result "0-1"]
[WhiteElo "1989"]
[BlackElo "2248"]
[Annotator "NA"]
[PlyCount "178"]
[EventDate "2020.01.26"]
[EventType "swiss"]
[EventCountry "TUR"]
[SourceTitle "playchess.com"]
[Source "ChessBase"]
[SourceQuality "1"]

1. d4 Nf6 2. c4 e5 3. dxe5 Ng4 4. e3 Nxe5 5. a3 a5 6. f4 Nec6 7. Nf3 Bc5 8. Nc3 d6 9. Bd3 Nd7 10. Qc2 Nf6 11. Ne4 Nxe4 12. Bxe4 Qe7 13. Bd2 Bd7 14. O-O-O O-O-O 15. Rhe1 Bb6 16. Kb1 h6 17. h3 g5 18. Bf5 Rhg8 19. g4 Kb8 20. Bc3 Bxf5 21. Qxf5 Qe6 22. Qd3 Rde8 23. Bd4 Bc5 24. f5 Qe4 25. Qxe4 Rxe4 26. Nd2 Re7 27. Bxc5 dxc5 28. Kc2 Rge8 29. e4 a4 30. Re3 Ne5 31. Rde1 Rd7 32. Rc3 Rd4 33. Re2 b6 34. b3 axb3+ 35. Kxb3 Kb7 36. Kc2 Kc6 37. Rf2 f6 38. Re2 Re7 39. Kb3 Red7 40. Nf3 Nxf3 41. Rxf3 Rd3+ 42. Rxd3 Rxd3+ 43. Kc2 Rxa3 44. Kb2 Rxh3 45. e5 fxe5 46. Rxe5 h5 47. f6 hxg4 48. Rxg5 Rf3 49. Rg6 Kb7 50. Rxg4 Rxf6 51. Rg3 Rf4 52. Kc3 Ka6 53. Rg7 Rf3+ 54. Kc2 Kb7 55. Rh7 Kc6 56. Rg7 Rh3 57. Rg6+ Kd7 58. Rg7+ Kd6 59. Rf7 Re3 60. Rh7 Re7 61. Rh5 Kc6 62. Kd3 Kb7 63. Rh8 Rg7 64. Rh3 Ka6 65. Kc3 Ka5 66. Kb3 Rg6 67. Rf3 c6 68. Rh3 b5 69. Rc3 Kb6 70. Rh3 Rg4 71. Rc3 Rh4 72. Rc2 Rh3+ 73. Kb2 Rg3 74. Rc1 Rf3 75. Rc2 Rd3 76. Rc1 b4 77. Rh1 Rc3 78. Rh4 Ka5 79. Rg4 Ka4 80. Rh4 Rg3 81. Rh2 Rg4 82. Rc2 b3 83. Rc3 Rg2+ 84. Kb1 Kb4 85. Rf3 Kxc4 86. Rf4+ Kc3 87. Rf3+ Kb4 88. Rf8 c4 89. Rb8+ Kc3 0-1

[Event "Turkey Cup 2020"]
[Site "Antalya-Belek"]
[Date "2020.01.27"]
[Round "3.12"]
[White "Eren, Ataberk"]
[Black "Koc, Ilkay"]
[Result "1-0"]
[WhiteElo "2274"]
[BlackElo "2007"]
[Annotator "NA"]
[PlyCount "115"]
[EventDate "2020.01.26"]
[EventType "swiss"]
[EventCountry "TUR"]
[SourceTitle "playchess.com"]
[Source "ChessBase"]
[SourceQuality "1"]

1. Nf3 d5 2. d4 e6 3. c4 Nf6 4. Nc3 Be7 5. Bg5 h6 6. Bh4 O-O 7. e3 b6 8. cxd5 Nxd5 9. Bxe7 Qxe7 10. Nxd5 exd5 11. Qb3 c5 12. Qa3 Nd7 13. Bb5 Bb7 14. O-O Nf6 15. Rac1 Rfc8 16. Rfd1 a6 17. Bf1 Kf8 18. dxc5 bxc5 19. Ne1 Ne4 20. Nd3 c4 21. Qxe7+ Kxe7 22. Nf4 Rc5 23. g3 g5 24. Ne2 Ra5 25. a3 Bc8 26. Bg2 Be6 27. Nd4 Rc8 28. Nxe6 fxe6 29. Bxe4 dxe4 30. Rd4 c3 31. Rxc3 Rxc3 32. bxc3 Rxa3 33. c4 Rc3 34. Rxe4 a5 35. Kg2 Kf6 36. Kf3 e5 37. h3 Rc2 38. h4 Kf5 39. g4+ Ke6 40. h5 Kd6 41. Kg3 Rc3 42. Kg2 Rc2 43. Kf3 Ke6 44. Kg3 Rc3 45. Kg2 Rc2 46. Kf1 Rc1+ 47. Ke2 Rc2+ 48. Ke1 Kd6 49. Kf1 Rc1+ 50. Ke2 Rc2+ 51. Ke1 Ra2 52. f3 Ra1+ 53. Kd2 Ra2+ 54. Kd3 Rf2 55. c5+ Kxc5 56. Rxe5+ Kb4 57. Ke4 a4 58. Re6 1-0

[Event "Turkey Cup 2020"]
[Site "Antalya-Belek"]
[Date "2020.01.27"]
[Round "3.13"]
[White "Ozalp, Burak"]
[Black "Tarlabasi, Emirhan"]
[Result "0-1"]
[WhiteElo "1897"]
[BlackElo "2274"]
[Annotator "NA"]
[PlyCount "80"]
[EventDate "2020.01.26"]
[EventType "swiss"]
[EventCountry "TUR"]
[SourceTitle "playchess.com"]
[Source "ChessBase"]
[SourceQuality "1"]

1. e4 e6 2. d4 d5 3. Nc3 Nf6 4. e5 Nfd7 5. f4 c5 6. Nf3 Nc6 7. Be3 Be7 8. Qd2 O-O 9. dxc5 Nxc5 10. Be2 a6 11. Nd4 Nxd4 12. Bxd4 b5 13. Qe3 Nd7 14. Bd3 b4 15. Ne2 a5 16. f5 Bh4+ 17. g3 Bg5 18. Nf4 f6 19. fxe6 Nxe5 20. O-O-O Bxe6 21. Bxe5 fxe5 22. Qxe5 Qf6 23. Rhe1 Bf7 24. h4 Qxe5 25. Rxe5 Bf6 26. Ree1 a4 27. Bf5 Ra5 28. Be6 Bxe6 29. Rxe6 Bxh4 30. Nxd5 Bxg3 31. Nxb4 Rg5 32. Nc6 h5 33. Rh1 h4 34. Re4 Rf2 35. c4 Bf4+ 36. Kb1 Rgg2 37. Re8+ Kh7 38. Rxh4+ Bh6 39. Rxh6+ Kxh6 40. Rh8+ Kg5 0-1

[Event "Turkey Cup 2020"]
[Site "Antalya-Belek"]
[Date "2020.01.27"]
[Round "3.14"]
[White "Ozsakallioglu, Okan"]
[Black "Makaraci, Tunahan"]
[Result "1-0"]
[WhiteElo "2272"]
[BlackElo "2029"]
[Annotator "NA"]
[PlyCount "85"]
[EventDate "2020.01.26"]
[EventType "swiss"]
[EventCountry "TUR"]
[SourceTitle "playchess.com"]
[Source "ChessBase"]
[SourceQuality "1"]

1. Nf3 Nf6 2. d4 e6 3. g3 d5 4. Bg2 Be7 5. c4 O-O 6. cxd5 exd5 7. O-O c6 8. Qc2 Re8 9. Nc3 Nbd7 10. Bf4 Nf8 11. Ne5 Bd6 12. Rad1 Ne6 13. Qd2 Nh5 14. Be3 f6 15. Nf3 Bd7 16. Qc2 g6 17. Bc1 Nc7 18. e4 Be6 19. Nh4 Bb4 20. a3 Bxc3 21. bxc3 dxe4 22. Bxe4 f5 23. Bg2 Bd5 24. c4 Bxg2 25. Nxg2 Qd7 26. d5 cxd5 27. cxd5 Nb5 28. Bb2 Rac8 29. Qd2 Nd6 30. Ba1 Qa4 31. Qb2 Kf7 32. Rc1 Qb5 33. Rxc8 Rxc8 34. Qe5 Qd7 35. Nf4 Re8 36. Ne6 h6 37. f3 Qe7 38. Rc1 Rc8 39. Rxc8 Nxc8 40. Qh8 Qxa3 41. Bd4 Qc1+ 42. Kg2 Qc2+ 43. Kh3 1-0

[Event "Turkey Cup 2020"]
[Site "Antalya-Belek"]
[Date "2020.01.27"]
[Round "3.15"]
[White "Duran, Esma Doga"]
[Black "Dolgun, Can"]
[Result "1/2-1/2"]
[WhiteElo "1877"]
[BlackElo "2266"]
[Annotator "NA"]
[PlyCount "160"]
[EventDate "2020.01.26"]
[EventType "swiss"]
[EventCountry "TUR"]
[SourceTitle "playchess.com"]
[Source "ChessBase"]
[SourceQuality "1"]

1. d4 d5 2. Nf3 Nf6 3. c4 c6 4. Nbd2 Bf5 5. e3 e6 6. Be2 h6 7. b3 Bd6 8. Bb2 Nbd7 9. O-O O-O 10. Ne5 Rc8 11. f4 Ne4 12. g4 Nxd2 13. Qxd2 Be4 14. Nxd7 Qxd7 15. Bd3 Bxd3 16. Qxd3 f5 17. Qe2 Qf7 18. h3 Kh8 19. Kh1 Rg8 20. Bc1 g6 21. Bd2 Rg7 22. Rf2 Rcg8 23. Raf1 Qe7 24. Rg2 Rh7 25. Rfg1 g5 26. cxd5 cxd5 27. gxf5 exf5 28. Qf3 Qe4 29. Qxe4 fxe4 30. Be1 Rf8 31. Bg3 gxf4 32. Bxf4 Bxf4 33. exf4 Rhf7 34. Rg6 Rf6 35. Rg7 Rxf4 36. Rxb7 e3 37. Re7 Rf3 38. Rgg7 Rf1+ 39. Rg1 Rxg1+ 40. Kxg1 Rf3 41. Kg2 Rf2+ 42. Kg3 Rxa2 43. Rxe3 Rd2 44. Re8+ Kg7 45. Re7+ Kf6 46. Rxa7 Rd3+ 47. Kf4 Rxd4+ 48. Ke3 Rh4 49. Rd7 Ke5 50. Re7+ Kd6 51. Rh7 Rxh3+ 52. Kd4 Rh4+ 53. Kd3 h5 54. Kc3 Rh1 55. b4 h4 56. Kd4 Rd1+ 57. Ke3 Re1+ 58. Kd3 Re4 59. Rh6+ Ke5 60. Rh5+ Ke6 61. b5 Rb4 62. b6 Kd6 63. Kc3 Rxb6 64. Rxh4 Kc5 65. Rh8 d4+ 66. Kc2 Re6 67. Rd8 Kc4 68. Rc8+ Kd5 69. Kd3 Re3+ 70. Kd2 Re5 71. Kd3 Re3+ 72. Kd2 Re7 73. Kd3 Rd7 74. Rc4 Ke5 75. Rc5+ Rd5 76. Rxd5+ Kxd5 77. Kd2 Ke4 78. Ke2 d3+ 79. Kd2 Kd4 80. Kd1 Ke5 1/2-1/2

[Event "Turkey Cup 2020"]
[Site "Antalya-Belek"]
[Date "2020.01.27"]
[Round "3.16"]
[White "Yilmaz, Goktan"]
[Black "Okus, Melih"]
[Result "1-0"]
[WhiteElo "2265"]
[BlackElo "1933"]
[Annotator "NA"]
[PlyCount "79"]
[EventDate "2020.01.26"]
[EventType "swiss"]
[EventCountry "TUR"]
[SourceTitle "playchess.com"]
[Source "ChessBase"]
[SourceQuality "1"]

1. e4 c6 2. d4 d5 3. Nd2 dxe4 4. Nxe4 Bf5 5. Ng3 Bg6 6. h4 h6 7. Nf3 Nd7 8. h5 Bh7 9. Bd3 Bxd3 10. Qxd3 e6 11. Bd2 Ngf6 12. O-O-O Bd6 13. Ne4 Nxe4 14. Qxe4 Nf6 15. Qe2 Qc7 16. g3 O-O-O 17. c4 c5 18. Bc3 Kb8 19. dxc5 Qxc5 20. Ne5 Bxe5 21. Qxe5+ Qxe5 22. Bxe5+ Kc8 23. f3 Rxd1+ 24. Kxd1 Kd7 25. g4 Rc8 26. b3 b5 27. cxb5 Rc5 28. Bxf6 gxf6 29. a4 Rc3 30. Ke2 Rxb3 31. Rd1+ Ke7 32. Rc1 Kd6 33. Rc6+ Ke5 34. Ra6 Kf4 35. Rxa7 Rb2+ 36. Kd3 Kxf3 37. Rxf7 Rb4 38. Rxf6+ Kxg4 39. Rxe6 Rxa4 40. Re4+ 1-0

[Event "Turkey Cup 2020"]
[Site "Antalya-Belek"]
[Date "2020.01.27"]
[Round "3.17"]
[White "Samani, Yamac"]
[Black "Kilic, Gokturk Kagan"]
[Result "1/2-1/2"]
[WhiteElo "2259"]
[BlackElo "1923"]
[Annotator "NA"]
[PlyCount "117"]
[EventDate "2020.01.26"]
[EventType "swiss"]
[EventCountry "TUR"]
[SourceTitle "playchess.com"]
[Source "ChessBase"]
[SourceQuality "1"]

1. Nf3 Nf6 2. d4 d5 3. g3 g6 4. Bg2 Bg7 5. c4 c6 6. O-O O-O 7. Qb3 dxc4 8. Qxc4 Nbd7 9. Nc3 Nb6 10. Qd3 Be6 11. Rd1 Qc8 12. e4 Bh3 13. Bh1 Rd8 14. Qc2 Bg4 15. a4 Nbd7 16. Be3 e5 17. dxe5 Bxf3 18. Bxf3 Nxe5 19. Rxd8+ Qxd8 20. Be2 Qe7 21. Rd1 h5 22. h3 Qe6 23. Kg2 Nc4 24. Bc1 Nd6 25. e5 Qxe5 26. Bf4 Qf5 27. Qb3 Nde4 28. Qxb7 Rf8 29. Bd3 g5 30. Nxe4 gxf4 31. Qxc6 Nxe4 32. Bxe4 Qe5 33. Rd2 fxg3 34. fxg3 h4 35. gxh4 Re8 36. Re2 Re6 37. Qa8+ Re8 38. Bh7+ Kf8 39. Qxe8+ Qxe8 40. Rxe8+ Kxe8 41. b4 Bc3 42. b5 Kf8 43. Kf3 Kg7 44. Bd3 Ba5 45. Ke4 Bd8 46. h5 Kh6 47. Bc4 Kxh5 48. Bxf7+ Kh6 49. Kd5 Kg7 50. Bh5 Bb6 51. Kc6 Bg1 52. Be2 Bf2 53. Kb7 Bg1 54. h4 Bf2 55. h5 Bg1 56. a5 Bf2 57. b6 Bxb6 58. axb6 axb6 59. Kxb6 1/2-1/2

[Event "Turkey Cup 2020"]
[Site "Antalya-Belek"]
[Date "2020.01.27"]
[Round "3.18"]
[White "Hatipli, Mehmet"]
[Black "Unat, Can Haktan"]
[Result "0-1"]
[WhiteElo "1873"]
[BlackElo "2257"]
[Annotator "NA"]
[PlyCount "95"]
[EventDate "2020.01.26"]
[EventType "swiss"]
[EventCountry "TUR"]
[SourceTitle "playchess.com"]
[Source "ChessBase"]
[SourceQuality "1"]

1. e4 e5 2. Nf3 Nc6 3. c3 Nf6 4. d4 exd4 5. e5 Nd5 6. cxd4 Bb4+ 7. Bd2 Bxd2+ 8. Nbxd2 d6 9. Bb5 O-O 10. O-O Bd7 11. Qb3 Nb6 12. Rfe1 Be6 13. Qc3 Nd5 14. Qc1 Nce7 15. Ne4 Bg4 16. Qg5 Bxf3 17. gxf3 dxe5 18. dxe5 Ng6 19. Rad1 Qxg5+ 20. Nxg5 c6 21. Bc4 Nb6 22. Bb3 h6 23. Nh3 Rae8 24. f4 Kh8 25. f3 a5 26. a4 Re7 27. Kf2 Rfe8 28. Re4 Nh4 29. Red4 Nf5 30. Rd8 Nd5 31. Rxe8+ Rxe8 32. Bxd5 cxd5 33. Rxd5 Rc8 34. Ke2 Rc2+ 35. Rd2 Rc4 36. Rd7 Kg8 37. Nf2 Rxa4 38. Rxb7 Rxf4 39. Ne4 Rh4 40. Nd6 Nd4+ 41. Ke3 Nc2+ 42. Kd3 Nb4+ 43. Ke3 Nd5+ 44. Kd3 Rf4 45. Ke2 g5 46. Rb5 Nb4 47. Rxa5 Nc6 48. Ne4 0-1

[Event "Turkey Cup 2020"]
[Site "Antalya-Belek"]
[Date "2020.01.27"]
[Round "3.19"]
[White "Aydincelebi, Kagan"]
[Black "Dogdu, Mehmet"]
[Result "1-0"]
[WhiteElo "2249"]
[BlackElo "1914"]
[Annotator "NA"]
[PlyCount "143"]
[EventDate "2020.01.26"]
[EventType "swiss"]
[EventCountry "TUR"]
[SourceTitle "playchess.com"]
[Source "ChessBase"]
[SourceQuality "1"]

1. e4 c5 2. Nf3 d6 3. Bb5+ Nc6 4. O-O Bd7 5. Re1 g6 6. c3 Bg7 7. h3 Nf6 8. d4 cxd4 9. cxd4 O-O 10. Nc3 a6 11. Bf1 b5 12. a4 b4 13. Nd5 Nxd5 14. exd5 Nb8 15. Bg5 Re8 16. Qd2 a5 17. Re4 Na6 18. Bxa6 Rxa6 19. Rae1 Ra8 20. Bxe7 Qb6 21. Qf4 Bxa4 22. Bxd6 Rxe4 23. Rxe4 Re8 24. Rxe8+ Bxe8 25. Bc5 Qd8 26. Qe4 Bd7 27. d6 Qc8 28. h4 h6 29. Kh2 Be6 30. h5 gxh5 31. Qf4 Qb8 32. Ne5 Bxe5 33. Qxe5 Qb5 34. Qe3 Qc4 35. Qxh6 Qd5 36. Qf4 Qf5 37. Qh4 Kh7 38. f3 Kg6 39. Qe4 Kg7 40. d5 Bd7 41. Bd4+ Kg6 42. Kg3 Kh6 43. Be3+ Kg7 44. Bd4+ Kh6 45. Be3+ Kg7 46. Bd2 Qg6+ 47. Qxg6+ fxg6 48. Kf4 Kf7 49. Ke5 h4 50. Kd4 Ke8 51. Kc5 Kf7 52. Kb6 b3 53. Kxa5 h3 54. gxh3 Bxh3 55. Kb5 Ke8 56. Kc4 Bg2 57. f4 Kd7 58. Bb4 Bf3 59. Kxb3 Bxd5+ 60. Kc3 Be6 61. Kd4 Ba2 62. Kc5 Bb3 63. Bc3 Bd1 64. b4 Be2 65. Be5 Bf1 66. Kb6 Bd3 67. b5 Be2 68. Ka5 Kc8 69. b6 Bg4 70. Ka6 Bf3 71. Ka7 Be4 72. Bf6 1-0

[Event "Turkey Cup 2020"]
[Site "Antalya-Belek"]
[Date "2020.01.27"]
[Round "3.20"]
[White "Karaoglan, Doruk"]
[Black "Kirali, Mehmet"]
[Result "1-0"]
[WhiteElo "2222"]
[BlackElo "1890"]
[Annotator "NA"]
[PlyCount "83"]
[EventDate "2020.01.26"]
[EventType "swiss"]
[EventCountry "TUR"]
[SourceTitle "playchess.com"]
[Source "ChessBase"]
[SourceQuality "1"]

1. e4 e5 2. Nf3 Nc6 3. Bc4 Bc5 4. c3 d6 5. d3 Nf6 6. Bb3 h6 7. h3 a6 8. Nbd2 Be6 9. Nf1 d5 10. Qe2 dxe4 11. dxe4 Bxb3 12. axb3 Nh5 13. g3 O-O 14. b4 Bb6 15. Ne3 Re8 16. Nf5 Nf6 17. g4 Ne7 18. Nxe7+ Qxe7 19. Rg1 Nh7 20. g5 h5 21. g6 fxg6 22. Rxg6 Rf8 23. Bh6 Rf7 24. O-O-O Kh8 25. Bd2 Raf8 26. Ng5 Nxg5 27. Bxg5 Qe8 28. Qxh5+ Kg8 29. Kb1 Bxf2 30. Bh6 Bb6 31. Qg4 Qe7 32. Re6 Qxe6 33. Qxe6 gxh6 34. Qxh6 Rg7 35. Qe6+ Kh7 36. Qxe5 c6 37. Qe6 Rff7 38. h4 a5 39. bxa5 Bxa5 40. h5 Rf8 41. h6 Rg2 42. Rd7+ 1-0

[Event "Turkey Cup 2020"]
[Site "Antalya-Belek"]
[Date "2020.01.27"]
[Round "3.21"]
[White "Danaci, Ege"]
[Black "Agdelen, Huseyin Can"]
[Result "1/2-1/2"]
[WhiteElo "1974"]
[BlackElo "2199"]
[Annotator "NA"]
[PlyCount "49"]
[EventDate "2020.01.26"]
[EventType "swiss"]
[EventCountry "TUR"]
[SourceTitle "playchess.com"]
[Source "ChessBase"]
[SourceQuality "1"]

1. e4 c5 2. Nc3 d6 3. d4 cxd4 4. Qxd4 Nc6 5. Qd2 g6 6. b3 Bh6 7. f4 Nf6 8. Bb2 O-O 9. O-O-O e5 10. g3 a5 11. Kb1 exf4 12. gxf4 a4 13. Qxd6 axb3 14. axb3 Qxd6 15. Rxd6 Ne8 16. Rd1 Bxf4 17. Nd5 Bg4 18. Be2 Bxe2 19. Nxe2 Bc7 20. Nd4 Bd8 21. Rhf1 Nd6 22. Nf5 Re8 23. Nf6+ Bxf6 24. Bxf6 Rf8 25. h4 1/2-1/2

[Event "Turkey Cup 2020"]
[Site "Antalya-Belek"]
[Date "2020.01.27"]
[Round "3.22"]
[White "Sar, Can"]
[Black "Ersahin, Bulent"]
[Result "1-0"]
[WhiteElo "1891"]
[BlackElo "2121"]
[Annotator "NA"]
[PlyCount "107"]
[EventDate "2020.01.26"]
[EventType "swiss"]
[EventCountry "TUR"]
[SourceTitle "playchess.com"]
[Source "ChessBase"]
[SourceQuality "1"]

1. e4 c5 2. Nf3 Nc6 3. d4 cxd4 4. Nxd4 Nf6 5. Nc3 e5 6. Ndb5 d6 7. Bg5 a6 8. Na3 b5 9. Nd5 Be7 10. Bxf6 Bxf6 11. c4 b4 12. Nc2 a5 13. g3 Bg5 14. Bg2 O-O 15. O-O Be6 16. Qd3 Rb8 17. Rad1 a4 18. b3 Qa5 19. Kh1 Bd8 20. f4 f6 21. Nde3 Bc7 22. Bf3 Qc5 23. Bg4 Bxg4 24. Nxg4 axb3 25. axb3 exf4 26. gxf4 f5 27. exf5 Qxf5 28. Qxf5 Rxf5 29. Nge3 Rf7 30. Nd5 Bd8 31. Ra1 Na5 32. Nd4 Nb7 33. Nc6 Rc8 34. Ncxb4 Nc5 35. Rf3 Rb7 36. Re1 Ba5 37. Ne7+ Rxe7 38. Rxe7 Bxb4 39. Rg3 g6 40. f5 Ra8 41. fxg6 hxg6 42. Rxg6+ Kf8 43. Re3 Ra1+ 44. Rg1 Ra2 45. Rf1+ Kg7 46. Rg3+ Kh7 47. Rf4 Ra1+ 48. Kg2 Ra2+ 49. Kh3 Bd2 50. Rf7+ Kh8 51. Rf8+ Kh7 52. Rf7+ Kh8 53. Rg2 Nd3 54. Rf5 1-0

[Event "Turkey Cup 2020"]
[Site "Antalya-Belek"]
[Date "2020.01.27"]
[Round "3.23"]
[White "Can, Melih Kaan"]
[Black "Yasin, Hur"]
[Result "0-1"]
[WhiteElo "2138"]
[BlackElo "1936"]
[Annotator "NA"]
[PlyCount "68"]
[EventDate "2020.01.26"]
[EventType "swiss"]
[EventCountry "TUR"]
[SourceTitle "playchess.com"]
[Source "ChessBase"]
[SourceQuality "1"]

1. e4 e6 2. d4 d5 3. e5 c5 4. c3 Nc6 5. Nf3 Bd7 6. Be2 f6 7. O-O Qc7 8. Bf4 O-O-O 9. Na3 c4 10. Nc2 h6 11. Bg3 f5 12. h4 Be8 13. b3 cxb3 14. axb3 Be7 15. c4 g5 16. cxd5 exd5 17. b4 f4 18. Bh2 Kb8 19. Qd2 Rc8 20. b5 Na5 21. Rfb1 Bg6 22. Nfe1 b6 23. Rxa5 bxa5 24. Bd3 Bxd3 25. Qxd3 Bd8 26. g3 fxg3 27. Bxg3 gxh4 28. Bh2 Qc3 29. Qg6 Ne7 30. Qa6 Rg8+ 31. Kh1 Bb6 32. Ra1 Qd2 33. Ne3 Qxf2 34. N3g2 h3 0-1

[Event "Turkey Cup 2020"]
[Site "Antalya-Belek"]
[Date "2020.01.27"]
[Round "3.24"]
[White "Iren, Muhammet Kaan"]
[Black "Gallevci, Yagiz"]
[Result "0-1"]
[WhiteElo "1698"]
[BlackElo "2186"]
[Annotator "NA"]
[PlyCount "90"]
[EventDate "2020.01.26"]
[EventType "swiss"]
[EventCountry "TUR"]
[SourceTitle "playchess.com"]
[Source "ChessBase"]
[SourceQuality "1"]

1. d4 d5 2. c4 c6 3. Nc3 Nf6 4. Nf3 dxc4 5. a4 Bf5 6. e3 e6 7. Bxc4 a5 8. O-O Bb4 9. Ne5 Nbd7 10. Nxd7 Qxd7 11. f3 O-O 12. e4 Bg6 13. Be3 Qc7 14. Rc1 Rfd8 15. Qe2 c5 16. Nb5 Qe7 17. dxc5 Bxc5 18. Rfd1 Rxd1+ 19. Rxd1 Rc8 20. b3 Nd7 21. Qf2 Bb4 22. Qg3 Nc5 23. h4 Kh8 24. Qh2 h5 25. Nd6 Rd8 26. e5 f6 27. Qg3 Kh7 28. f4 Ne4 29. Qf3 Nxd6 30. exd6 Rxd6 31. Rxd6 Qxd6 32. Qxb7 Qd1+ 33. Kh2 Qe1 34. Qf3 Qxh4+ 35. Kg1 Bf5 36. Bf2 Qg4 37. Qe3 Qd1+ 38. Kh2 Bd2 39. Qg3 Qc1 40. Qf3 Kh6 41. Bg3 Bg4 42. Qa8 Be3 43. Qh8+ Kg6 44. Qe8+ Kh7 45. Bd3+ f5 0-1

[Event "Turkey Cup 2020"]
[Site "Antalya-Belek"]
[Date "2020.01.27"]
[Round "3.25"]
[White "Bacak, Muhammed Kaan"]
[Black "Caner, Resul"]
[Result "1/2-1/2"]
[WhiteElo "2158"]
[BlackElo "1932"]
[Annotator "NA"]
[PlyCount "47"]
[EventDate "2020.01.26"]
[EventType "swiss"]
[EventCountry "TUR"]
[SourceTitle "playchess.com"]
[Source "ChessBase"]
[SourceQuality "1"]

1. Nf3 c5 2. g3 g6 3. Bg2 Bg7 4. d4 cxd4 5. Nxd4 Nc6 6. Nb3 d6 7. Nc3 Nf6 8. h3 Bd7 9. a4 a5 10. e4 Qc8 11. Bg5 Nb4 12. Nd4 Ng4 13. O-O Ne5 14. Ndb5 f6 15. Bf4 O-O 16. Kh2 f5 17. exf5 Rxf5 18. Nd5 Nxd5 19. Qxd5+ Nf7 20. Qxb7 Qxb7 21. Bxb7 Rb8 22. Be4 Rh5 23. Bf3 Rxh3+ 24. Kg1 1/2-1/2

[Event "Turkey Cup 2020"]
[Site "Antalya-Belek"]
[Date "2020.01.27"]
[Round "3.26"]
[White "Pektas, Yigit"]
[Black "Suzan, Ufuk"]
[Result "1-0"]
[WhiteElo "2155"]
[BlackElo "1861"]
[Annotator "NA"]
[PlyCount "83"]
[EventDate "2020.01.26"]
[EventType "swiss"]
[EventCountry "TUR"]
[SourceTitle "playchess.com"]
[Source "ChessBase"]
[SourceQuality "1"]

1. d4 g6 2. Nf3 Bg7 3. c4 Nf6 4. Nc3 O-O 5. e4 d6 6. h3 e5 7. d5 a5 8. Bg5 h6 9. Be3 Na6 10. Be2 b6 11. Nd2 Nc5 12. a3 Ne8 13. b4 Nd7 14. O-O f5 15. f3 f4 16. Bf2 Rf7 17. c5 bxc5 18. bxc5 Nxc5 19. Bxc5 dxc5 20. Bb5 Bf8 21. Bc6 Ra6 22. Nc4 Bd6 23. Qa4 Bd7 24. Qb5 Qc8 25. Nxa5 Rb6 26. Bxd7 Rxd7 27. Qc4 Qa8 28. Nc6 Nf6 29. a4 Rf7 30. a5 Ra6 31. Rfb1 Rf8 32. Rb5 Nd7 33. Rab1 Kg7 34. R5b3 Re8 35. Nb5 Rf8 36. Nxd6 cxd6 37. Rb7 Rf7 38. Rc7 Rxa5 39. Nxa5 Qxa5 40. Rbb7 Qe1+ 41. Qf1 Qe3+ 42. Kh2 1-0

[Event "Turkey Cup 2020"]
[Site "Antalya-Belek"]
[Date "2020.01.27"]
[Round "3.27"]
[White "Kiziltas, Inanc Vefa"]
[Black "Guven, Oguz Kagan"]
[Result "1-0"]
[WhiteElo "1803"]
[BlackElo "2143"]
[Annotator "NA"]
[PlyCount "169"]
[EventDate "2020.01.26"]
[EventType "swiss"]
[EventCountry "TUR"]
[SourceTitle "playchess.com"]
[Source "ChessBase"]
[SourceQuality "1"]

1. Nf3 Nf6 2. e3 g6 3. Be2 Bg7 4. O-O O-O 5. d4 d6 6. b3 c6 7. Bb2 a5 8. c4 Nbd7 9. Nbd2 Re8 10. Qc2 e5 11. dxe5 dxe5 12. Rfd1 Qc7 13. a3 Nc5 14. e4 Nh5 15. b4 Nf4 16. Bf1 Na6 17. Bc3 Bg4 18. c5 Rad8 19. h3 Bxf3 20. Nxf3 Nb8 21. bxa5 Ne6 22. Bb4 Nd4 23. Nxd4 exd4 24. Rab1 Qf4 25. Re1 Nd7 26. g3 Qc7 27. f4 Nf6 28. a6 bxa6 29. Bxa6 Qd7 30. Qg2 h5 31. Rbd1 h4 32. g4 g5 33. fxg5 Nh7 34. Bc4 Nxg5 35. Rf1 Re5 36. Bd2 Ne6 37. Rf5 Qe7 38. Bb4 d3 39. Rxd3 Rxd3 40. Bxd3 Qd8 41. Bf1 Nd4 42. Kh1 Re8 43. Rf2 Qg5 44. Rd2 Qe3 45. Bc4 Rxe4 46. Rf2 Rf4 47. Rxf4 Qxf4 48. Bd2 Qe5 49. g5 Nf5 50. Qxc6 Ng3+ 51. Kg2 Ne4 52. Be1 Nxg5 53. Bxh4 Qb2+ 54. Bf2 Qxa3 55. Qc8+ Kh7 56. Qf5+ Kh6 57. h4 Ne6 58. Qxf7 Qa8+ 59. Kg1 Qa1+ 60. Bf1 Qe5 61. Qf3 Kh7 62. Bd3+ Kh8 63. Qf5 Qxf5 64. Bxf5 Nc7 65. Bg3 Bd4+ 66. Kg2 Nd5 67. Be4 Ne3+ 68. Kf3 Nf1 69. Bd6 Nd2+ 70. Kf4 Nc4 71. Be7 Kg7 72. Bd5 Na5 73. Ke4 Bc3 74. Kd3 Be1 75. Kc2 Bb4 76. Kd3 Kg6 77. Ke4 Bc3 78. Bd8 Kh5 79. Kf5 Kh6 80. Bg5+ Kg7 81. h5 Bd4 82. Bd2 Bxc5 83. Bxa5 Kh6 84. Bd8 Kxh5 85. Bg5 1-0